Brawl Stars : Les 30 premières hypercharges - Statistiques

Statistiques générales
  • Ce quiz a été pris 1 467 fois
    117 depuis la dernière actualisation
  • Le résultat moyen est 17 sur 30
Statistiques - réponses
rareté brawler % Correct
premier brawler Shelly
98%
rare Colt
92%
légendaire Corbac
87%
rare Bull
86%
rare Nita
83%
rare Rosa
83%
légendaire Spike
83%
rare El Costo
81%
légendaire Léon
81%
rare Brock
75%
super rare Jessie
74%
super rare Dynamike
70%
légendaire Emeri
66%
super rare Tick
61%
super rare Jacky
58%
épique Edgar
55%
légendaire Cordelius
54%
épique Pearl
45%
mythique D'jinn
39%
épique Billie
38%
mythique Buzz
35%
mythique Max
35%
épique Maisie
33%
épique Colette
32%
mythique Lou
32%
mythique Fang
30%
mythique Wally
30%
mythique Charlie
29%
épique Belle
26%
mythique Mico
23%
Aucun quiz correspondant
Distribution des résultats
% des personnes avec chaque résultat
Percentile par nombre de réponses
Votre historique - résultats
Vous n’avez pas pris ce quiz depuis la dernière actualisation